000 00510nam a2200181Ia 4500
008 151018s9999 xx 000 0 und d
082 _bRBASDV17214
_a891.463
100 _aदेवदत्त पाटील
245 _aव्याध
250 _b1
260 _bदुर्गा
_c1980
300 _a164
600 _aदेवदत्त पाटील
630 _aव्याध
700 _aदेवदत्त पाटील
730 _aव्याध
942 _cBOOK
999 _c1017897
_d1017894